000 00731nam a2200241 a 4500
999 _c11064
_d11064
001 11064
003 BD-JhCC
005 20191127134008.0
008 190628b 2013bg a|||| ||a| 001 0 ben d
020 _a9789844144453
035 _a(BD-JhCC)11064
040 _aBD-JhCC
_dBD-JhCC
041 _aben
082 _a581.03
_bSHA 2013
100 _aশর্মা, দ্বিজেন
245 _aপ্রকৃতি সমগ্র /
_cদ্বিজেন শর্মা ।
260 _aঢাকাঃ
_bঅনিন্দ্য প্রকাশ;
_c২০১৩.
300 _a১-৩ খন্ড :
_bill;
_c২২ সেমি.
650 _aPlant
650 _aNatvre
942 _2ddc
_cBK
_02